000
00196nam a2200085 4500
001
1301002
005
20260423130625.0
245
_a
ARŞİMET ZEKAİ
_c
DURAN ÇETİN
260
_b
ATLI KARINCA YAYINLARI
999
_c
1301002
_d
1301002